The Tibetan book of the dead : (Record no. 32917)
[ view plain ]
| 000 -LEADER | |
|---|---|
| fixed length control field | 00967nam a22002652a 4500 |
| 001 - CONTROL NUMBER | |
| control field | 32917 |
| 003 - CONTROL NUMBER IDENTIFIER | |
| rucl marc code | BD-RjUL |
| 005 - DATE AND TIME OF LATEST TRANSACTION | |
| control field | 20211209051921.0 |
| 008 - FIXED-LENGTH DATA ELEMENTS--GENERAL INFORMATION | |
| fixed length control field | 140429t1957 nyu 001 0 eng d |
| 035 ## - SYSTEM CONTROL NUMBER | |
| System control number | (BD-RjUL)33007 |
| 040 ## - CATALOGING SOURCE | |
| Original cataloging agency | DAY |
| Transcribing agency | DAY |
| Modifying agency | EQO |
| -- | BD-RjUL |
| Language of cataloging | eng |
| 041 1# - LANGUAGE CODE | |
| Language code of text/sound track or separate title | engtib |
| 082 04 - DEWEY DECIMAL CLASSIFICATION NUMBER | |
| Classification number | 294.3423 |
| Author mark and year | WET 1957 |
| 090 ## - LOCALLY ASSIGNED LC-TYPE CALL NUMBER (OCLC); LOCAL CALL NUMBER (OCLC) | |
| Classification number (OCLC) (R) ; Classification number, CALL (RLIN) (NR) | BQ1652.E5 |
| Local cutter number (OCLC) ; Book number/undivided call number, CALL (RLIN) | Z55 1960 |
| 100 10 - MAIN ENTRY--PERSONAL NAME | |
| Personal name | Wentz. W.Y. Evans |
| 9 (RLIN) | 100063 |
| 245 14 - TITLE STATEMENT | |
| Title | The Tibetan book of the dead : |
| Remainder of title | or, The after-death experiences on the Bardo plane / |
| Statement of responsibility, etc. | according to Lāma Kazi Dawa-Samdup's English rendering. [Compiled and edited] by W. Y. Evans-Wentz |
| 250 ## - EDITION STATEMENT | |
| Edition statement | 3rd ed |
| 260 ## - PUBLICATION, DISTRIBUTION, ETC. (IMPRINT) | |
| Place of publication, distribution, etc. | New York : |
| Name of publisher, distributor, etc. | Oxford University Press, |
| Date of publication, distribution, etc. | 1957 |
| 300 ## - PHYSICAL DESCRIPTION | |
| Pagination | lxxxiv, 249 p. : |
| Illustrations | ill. ; |
| Size | 21 cm |
| 500 ## - GENERAL NOTE | |
| General note | Translation of Bar-do thos-grol |
| 504 ## - BIBLIOGRAPHY, ETC. NOTE | |
| Bibliography, etc | Includes bibliographical reference and index. |
| 650 17 - SUBJECT ADDED ENTRY--TOPICAL TERM | |
| Topical term or geographic name as entry element | Intermediate state |
| Form subdivision | --Buddhism |
| Chronological subdivision | --Early works to 1800. |
| 9 (RLIN) | 100064 |
| 942 ## - ADDED ENTRY ELEMENTS (KOHA) | |
| Source of classification or shelving scheme | Dewey Decimal Classification |
| Koha item type | Books |
| Lost status | Source of classification or shelving scheme | Damaged status | Not for loan | Collection code | Permanent Location | Current Location | Shelving location | Date acquired | Source of acquisition | Cost, normal purchase price | Total Checkouts | Full call number | Date last seen | Copy number | Koha item type |
|---|---|---|---|---|---|---|---|---|---|---|---|---|---|---|---|
| Dewey Decimal Classification | Not For Loan | Non-fiction | Central Library, University of Rajshahi | Central Library, University of Rajshahi | Reading Room | 21/11/1957 | O.U.P. | 20.50 | 294.3423 WET 1957 | 29/04/2014 | C-1 | Books |